| 000 | 00490nam a22001937a 4500 | ||
|---|---|---|---|
| 003 | LK-CoDNM | ||
| 005 | 20250205151107.0 | ||
| 008 | 250205b |||||||| |||| 00| 0 eng d | ||
| 040 |
_aLK-CoDNM _dLK-CoDNM _eLK-CoDNM |
||
| 041 | _aeng | ||
| 080 | _a64 | ||
| 100 | _aMoncrieff, Alan | ||
| 110 | _aEvans, Philip | ||
| 245 | _aDiseases of Children - Volume i | ||
| 260 |
_aLondon _bEdward Arnold & CO _c1953 |
||
| 300 | _aviii, 1014p. : ill ; 23 cm | ||
| 650 | _aDiseases | ||
| 942 | _cBK | ||
| 999 |
_c237844 _d237844 |
||